History Quiz

Random History or Politics Quiz

Famous Female Firsts by Image Quiz Stats

 Plays Quiz Updated Jul 29, 2016

Also try: Female Firsts
Challenge
Share
Tweet
Score 0/20 Timer 06:00
4 Plays Today
% Correct
Hillary Rodham Clinton
94.6%
Margaret Thatcher
90.6%
Marie Curie
89.1%
Amelia Earhart
86%
Angela Merkel
81.7%
Helen Keller
79.7%
Lucille Ball
79.2%
Coco Chanel
78.7%
Indira Gandhi
78.5%
Susan B. Anthony
67.3%
% Correct
Madeleine Albright
66.6%
Sandra Day O'Connor
66%
Golda Meir
64.3%
Benazir Bhutto
54.4%
Martha Washington
54.3%
Diane Sawyer
51%
Kathryn Bigelow
35.1%
Hattie McDaniel
29.8%
Shirley Chisholm
19.4%
Valentina Tereshkova
11.4%

You're not logged in!

Compare scores with friends on all Sporcle quizzes.
Join for Free
OR
Log In

You Might Also Like...

Show Comments

Extras

Top Quizzes Today


Score Distribution

Your Account Isn't Verified!

In order to create a playlist on Sporcle, you need to verify the email address you used during registration. Go to your Sporcle Settings to finish the process.

Report this User

Report this user for behavior that violates our Community Guidelines.

Details: